• 首页
  • 本馆介绍
  • 公告通知
  • 最新文献
  • 馆藏检索
  • 电子资源
  • 读者导购
  • 参考咨询
  • 我的图书馆
  • 登录
  • 详细信息显示
  • 放入我的书架
  • 预约/预借图书
  • 作者相关作品
  • 分类相关作品
  • 丛书相关作品
  • 出版社相关作品

书目信息

  • 表格格式
  • 工作单格式
  • 卡片格式
题名:
数字地形分析
    
 
作者: 周启鸣 , 刘学军 著
分册:  
出版信息: 北京   科学出版社  2006
页数: 15,327页
开本: 26cm
丛书名: 地理信息系统理论与应用丛书
单 册:
中图分类: P287
科图分类:
主题词: 数字地形模型
电子资源:
ISBN: 7-03-016885-2
000 01119oam2 2200289 450
001 003184906
005 20070805105730.00
010    @a7-03-016885-2@dCNY55.00
035    @a003184906
100    @a20060529d2006 em y0chiy0110 ea
101 0  @achi
102    @aCN@b110000
105    @aa z 000yy
106    @ar
200 1  @a数字地形分析@Ashu zi di xing fen xi@f周启鸣,刘学军著@Fzhou qi ming, liu xue jun zhu
210    @a北京@c科学出版社@d2006
215    @a15,327页@c图@d26cm
225 2  @a地理信息系统理论与应用丛书@Adi li xin xi xi tong li lun yu ying yong cong shu
300    @a中国科学院科学出版基金资助出版
330    @a本书由三个部分组成。第一部分重点讨论数字地形分析的基本概念、地形的数字特征以及地形的数学建模;第二部分着重介绍数字地形分析的基本技术;第三部分重点讨论了数字地形分析中的误差处理方法,以及数字地形分析的技术走向和发展趋势。
461  0 @1001012001042460@12001 @a地理信息系统理论与应用丛书
606 0  @a数字地形模型
690    @aP287@v4
701  0 @a周启鸣@Azhou qi ming@4著
701  0 @a刘学军@Aliu xue jun@f(1965~)@4著
801  0 @aCN@bNLC@c20070805
905    @dP287@e177@f4
    
    数字地形分析/周启鸣,刘学军著.-北京:科学出版社,2006
    15,327页:图;26cm.-(地理信息系统理论与应用丛书)
    中国科学院科学出版基金资助出版
    
    ISBN 7-03-016885-2:CNY55.00
    本书由三个部分组成。第一部分重点讨论数字地形分析的基本概念、地形的数字特征以及地形的数学建模;第二部分着重介绍数字地形分析的基本技术;第三部分重点讨论了数字地形分析中的误差处理方法,以及数字地形分析的技术走向和发展趋势。
●
相关链接 在E读中查询图书 在五车中查询图书 在当当中查询图书 在豆瓣中查询图书


正题名:数字地形分析     索取号:P287/177         预约/预借

序号 登录号 条形码 馆藏地/架位号 状态 备注
1 0851886   208518861   第二样本阅览室/ [索取号:P287/177] 在馆    
2 0851887   208518870   第三借阅区/ [索取号:P287/177] 在馆    
3 0851888   208518889   第三借阅区/ [索取号:P287/177] 在馆    
4 0851889   208518898   第三借阅区/ [索取号:P287/177] 在馆    
唐山师范学院图书馆 欢迎您!
大连网信软件有限公司© 版权所有